[Event "Finale kupa Republike Hrvatske 2024."]
[Site "Mali Losinj, Croatia"]
[Date "2024.05.08"]
[Round "1.1"]
[White "Brkic, Ante"]
[Black "Loncar, Robert"]
[Result "1-0"]
[TimeControl "(90 min/40 move + 30 min) + 30 sec/move"]
[WhiteFideId "14506688"]
[BlackFideId "14501325"]
[WhiteElo "2639"]
[BlackElo "2344"]

1. e4 {[%clk 01:30:57]} {[%emt 00:00:03]} g6 {[%clk 01:22:32]} {[%emt
00:08:28]} 2. d4 {[%clk 01:31:18]} {[%emt 00:00:09]} Bg7 {[%clk 01:22:52]}
{[%emt 00:00:09]} 3. Nc3 {[%clk 01:31:41]} {[%emt 00:00:08]} d5 {[%clk
01:23:16]} {[%emt 00:00:06]} 4. exd5 {[%clk 01:26:15]} {[%emt 00:05:57]} Nf6
{[%clk 01:21:49]} {[%emt 00:01:55]} 5. Bc4 {[%clk 01:26:39]} {[%emt 00:00:07]}
Nbd7 {[%clk 01:22:14]} {[%emt 00:00:05]} 6. Nf3 {[%clk 01:26:21]} {[%emt
00:00:48]} Nb6 {[%clk 01:22:33]} {[%emt 00:00:11]} 7. Bb3 {[%clk 01:26:35]}
{[%emt 00:00:14]} O-O {[%clk 01:22:55]} {[%emt 00:00:09]} 8. O-O {[%clk
01:27:02]} {[%emt 00:00:04]} a5 {[%clk 01:23:19]} {[%emt 00:00:07]} 9. a4
{[%clk 01:24:51]} {[%emt 00:02:40]} Nbxd5 {[%clk 01:22:56]} {[%emt 00:00:53]}
10. Nxd5 {[%clk 01:24:59]} {[%emt 00:00:23]} Nxd5 {[%clk 01:23:22]} {[%emt
00:00:02]} 11. h3 {[%clk 01:15:44]} {[%emt 00:09:46]} b6 {[%clk 01:23:43]}
{[%emt 00:00:09]} 12. Re1 {[%clk 01:16:08]} {[%emt 00:00:06]} Bb7 {[%clk
01:24:07]} {[%emt 00:00:05]} 13. Bg5 {[%clk 01:16:24]} {[%emt 00:00:15]} Qd6
{[%clk 01:14:47]} {[%emt 00:09:49]} 14. Bh4 {[%clk 01:14:10]} {[%emt 00:02:45]}
Rae8 {[%clk 01:10:56]} {[%emt 00:04:20]} 15. Bg3 {[%clk 01:04:59]} {[%emt
00:09:41]} Qd8 {[%clk 01:10:08]} {[%emt 00:01:18]} 16. Qe2 {[%clk 00:58:22]}
{[%emt 00:07:08]} Qc8 {[%clk 01:07:48]} {[%emt 00:02:47]} 17. Rad1 {[%clk
00:49:22]} {[%emt 00:09:33]} Bh6 {[%clk 00:49:34]} {[%emt 00:18:42]} 18. Ne5
{[%clk 00:42:52]} {[%emt 00:07:01]} Bg7 {[%clk 00:37:21]} {[%emt 00:12:43]} 19.
Bc4 {[%clk 00:35:42]} {[%emt 00:07:40]} Rd8 {[%clk 00:36:00]} {[%emt 00:01:51]}
20. h4 {[%clk 00:30:33]} {[%emt 00:05:39]} c5 {[%clk 00:31:40]} {[%emt
00:04:50]} 21. h5 {[%clk 00:30:23]} {[%emt 00:00:40]} e6 {[%clk 00:19:50]}
{[%emt 00:12:21]} 22. hxg6 {[%clk 00:29:02]} {[%emt 00:01:51]} hxg6 {[%clk
00:20:16]} {[%emt 00:00:03]} 23. c3 {[%clk 00:28:42]} {[%emt 00:00:50]} Ba8
{[%clk 00:14:39]} {[%emt 00:06:07]} 24. Ba6 {[%clk 00:24:06]} {[%emt 00:05:07]}
Bb7 {[%clk 00:14:37]} {[%emt 00:00:31]} 25. Bxb7 {[%clk 00:23:12]} {[%emt
00:01:24]} Qxb7 {[%clk 00:15:05]} {[%emt 00:00:02]} 26. dxc5 {[%clk 00:23:32]}
{[%emt 00:00:10]} bxc5 {[%clk 00:15:07]} {[%emt 00:00:26]} 27. Qb5 {[%clk
00:19:27]} {[%emt 00:04:36]} Qxb5 {[%clk 00:14:48]} {[%emt 00:00:50]} 28. axb5
{[%clk 00:18:46]} {[%emt 00:01:11]} Bxe5 {[%clk 00:14:33]} {[%emt 00:00:45]} 29.
Bxe5 {[%clk 00:15:11]} {[%emt 00:04:05]} f6 {[%clk 00:13:27]} {[%emt 00:01:37]}
30. Bg3 {[%clk 00:15:35]} {[%emt 00:00:05]} e5 {[%clk 00:13:48]} {[%emt
00:00:09]} 31. f3 {[%clk 00:15:16]} {[%emt 00:00:49]} Nb6 {[%clk 00:12:49]}
{[%emt 00:01:29]} 32. Bf2 {[%clk 00:13:42]} {[%emt 00:02:05]} Na4 {[%clk
00:12:08]} {[%emt 00:01:10]} 33. Ra1 {[%clk 00:11:47]} {[%emt 00:02:24]} Nxb2
{[%clk 00:12:23]} {[%emt 00:00:17]} 34. Bxc5 {[%clk 00:11:20]} {[%emt
00:00:56]} Rfe8 {[%clk 00:11:28]} {[%emt 00:01:25]} 35. Reb1 {[%clk 00:09:43]}
{[%emt 00:02:06]} Rd5 {[%clk 00:08:56]} {[%emt 00:03:03]} 36. Rxb2 {[%clk
00:05:00]} {[%emt 00:05:12]} Rxc5 {[%clk 00:09:25]} {[%emt 00:00:01]} 37. Rxa5
{[%clk 00:05:21]} {[%emt 00:00:09]} Rxc3 {[%clk 00:09:09]} {[%emt 00:00:47]} 38.
b6 {[%clk 00:05:48]} {[%emt 00:00:02]} Rcc8 {[%clk 00:08:19]} {[%emt 00:01:20]}
39. b7 {[%clk 00:01:40]} {[%emt 00:04:37]} Rb8 {[%clk 00:08:47]} {[%emt
00:00:02]} 40. Rc5 {[%clk 00:31:51]} {[%emt 00:00:19]} Kf7 {[%clk 00:35:02]}
{[%emt 00:04:12]} 41. Rb6 {[%clk 00:31:16]} {[%emt 00:01:09]} Re7 {[%clk
00:32:53]} {[%emt 00:02:37]} 42. Rcc6 {[%clk 00:26:38]} {[%emt 00:05:09]} f5
{[%clk 00:28:27]} {[%emt 00:04:56]} 43. Rxg6 {[%clk 00:25:15]} {[%emt
00:01:53]} Rbxb7 {[%clk 00:28:30]} {[%emt 00:00:28]} 44. Rbf6+ {[%clk
00:15:49]} {[%emt 00:09:55]} Ke8 {[%clk 00:28:56]} {[%emt 00:00:03]} 45. Rxf5
{[%clk 00:16:01]} {[%emt 00:00:19]} e4 {[%clk 00:27:48]} {[%emt 00:01:38]} 46.
Rg8+ {[%clk 00:14:51]} {[%emt 00:01:41]} Kd7 {[%clk 00:28:14]} {[%emt
00:00:02]} 47. Rd5+ {[%clk 00:14:51]} {[%emt 00:00:32]} Kc6 {[%clk 00:28:00]}
{[%emt 00:00:43]} 48. fxe4 {[%clk 00:15:10]} {[%emt 00:00:11]} Rxe4 {[%clk
00:27:07]} {[%emt 00:01:23]} 49. Rd3 {[%clk 00:15:16]} {[%emt 00:00:24]} Rb1+
{[%clk 00:20:37]} {[%emt 00:07:00]} 50. Kh2 {[%clk 00:15:07]} {[%emt 00:00:39]}
Rh4+ {[%clk 00:18:32]} {[%emt 00:02:35]} 51. Kg3 {[%clk 00:15:19]} {[%emt
00:00:18]} Rbb4 {[%clk 00:18:28]} {[%emt 00:00:34]} 52. Rc8+ {[%clk 00:10:55]}
{[%emt 00:04:54]} Kb7 {[%clk 00:16:17]} {[%emt 00:02:40]} 53. Rc2 {[%clk
00:05:36]} {[%emt 00:05:50]} Rhe4 {[%clk 00:12:00]} {[%emt 00:04:46]} 54. Kf2
{[%clk 00:05:33]} {[%emt 00:00:33]} Re6 {[%clk 00:08:24]} {[%emt 00:04:06]} 55.
g3 {[%clk 00:05:38]} {[%emt 00:00:25]} Rh6 {[%clk 00:07:10]} {[%emt 00:01:44]}
56. Kg2 {[%clk 00:05:28]} {[%emt 00:00:40]} Rh7 {[%clk 00:06:04]} {[%emt
00:01:36]} 57. Rf3 {[%clk 00:05:24]} {[%emt 00:00:34]} Rg7 {[%clk 00:06:15]}
{[%emt 00:00:19]} 58. Rcc3 {[%clk 00:05:10]} {[%emt 00:00:45]} Rd4 {[%clk
00:05:15]} {[%emt 00:01:29]} 59. Rf5 {[%clk 00:03:17]} {[%emt 00:02:23]} Kb6
{[%clk 00:04:41]} {[%emt 00:01:04]} 60. Rf8 {[%clk 00:02:00]} {[%emt 00:01:47]}
Kb7 {[%clk 00:04:52]} {[%emt 00:00:19]} 61. Rf2 {[%clk 00:01:43]} {[%emt
00:00:47]} Rb4 {[%clk 00:04:12]} {[%emt 00:01:10]} 62. Rfc2 {[%clk 00:01:03]}
{[%emt 00:01:11]} Rb6 {[%clk 00:04:13]} {[%emt 00:00:29]} 63. Rc4 {[%clk
00:01:12]} {[%emt 00:00:21]} Rb3 {[%clk 00:03:17]} {[%emt 00:01:25]} 64. g4
{[%clk 00:00:53]} {[%emt 00:00:50]} Kb6 {[%clk 00:03:29]} {[%emt 00:00:18]} 65.
Rf4 {[%clk 00:01:01]} {[%emt 00:00:22]} Kb7 {[%clk 00:03:09]} {[%emt 00:00:47]}
66. Rcc4 {[%clk 00:01:20]} {[%emt 00:00:14]} Rd3 {[%clk 00:02:41]} {[%emt
00:00:57]} 67. Rf3 {[%clk 00:01:25]} {[%emt 00:00:26]} Rd2+ {[%clk 00:03:00]}
{[%emt 00:00:10]} 68. Rf2 {[%clk 00:01:33]} {[%emt 00:00:23]} Rd6 {[%clk
00:01:39]} {[%emt 00:01:51]} 69. Rb2+ {[%clk 00:01:45]} {[%emt 00:00:17]} Rb6
{[%clk 00:01:55]} {[%emt 00:00:15]} 70. Rxb6+ {[%clk 00:02:01]} {[%emt
00:00:14]} Kxb6 {[%clk 00:02:24]} 71. Kg3 {[%clk 00:02:11]} {[%emt 00:00:20]}
Kb5 {[%clk 00:02:48]} {[%emt 00:00:06]} 72. Rc8 {[%clk 00:02:28]} {[%emt
00:00:13]} 1-0

[Event "Finale kupa Republike Hrvatske 2024."]
[Site "Mali Losinj, Croatia"]
[Date "2024.05.08"]
[Round "1.2"]
[White "Sekelja, Marko"]
[Black "Predojevic, Borki"]
[Result "0-1"]
[TimeControl "(90 min/40 move + 30 min) + 30 sec/move"]
[WhiteFideId "14527340"]
[BlackFideId "930849"]
[WhiteElo "2015"]
[BlackElo "2578"]

1. e4 {[%clk 01:29:51]} {[%emt 00:01:09]} c5 {[%clk 01:30:44]} {[%emt
00:00:17]} 2. c3 {[%clk 01:30:08]} {[%emt 00:00:13]} Nf6 {[%clk 01:31:05]}
{[%emt 00:00:09]} 3. e5 {[%clk 01:30:33]} {[%emt 00:00:06]} Nd5 {[%clk
01:31:28]} {[%emt 00:00:05]} 4. d4 {[%clk 01:30:55]} {[%emt 00:00:08]} cxd4
{[%clk 01:31:44]} {[%emt 00:00:14]} 5. cxd4 {[%clk 01:31:21]} {[%emt 00:00:05]}
d6 {[%clk 01:31:37]} {[%emt 00:00:37]} 6. Nf3 {[%clk 01:31:39]} {[%emt
00:00:12]} e6 {[%clk 01:30:06]} {[%emt 00:02:01]} 7. Nc3 {[%clk 01:31:51]}
{[%emt 00:00:17]} Nxc3 {[%clk 01:30:20]} {[%emt 00:00:16]} 8. bxc3 {[%clk
01:32:13]} {[%emt 00:00:09]} Qc7 {[%clk 01:30:43]} {[%emt 00:00:07]} 9. Bd2
{[%clk 01:29:16]} {[%emt 00:03:26]} Nd7 {[%clk 01:30:02]} {[%emt 00:01:12]} 10.
exd6 {[%clk 01:28:43]} {[%emt 00:01:03]} Bxd6 {[%clk 01:30:24]} {[%emt
00:00:08]} 11. Bd3 {[%clk 01:28:30]} {[%emt 00:00:43]} b6 {[%clk 01:30:28]}
{[%emt 00:00:26]} 12. Qe2 {[%clk 01:23:48]} {[%emt 00:05:11]} Bb7 {[%clk
01:25:58]} {[%emt 00:05:01]} 13. Be4 {[%clk 01:21:49]} {[%emt 00:02:29]} Bxe4
{[%clk 01:20:44]} {[%emt 00:05:44]} 14. Qxe4 {[%clk 01:22:10]} {[%emt
00:00:07]} O-O {[%clk 01:21:05]} {[%emt 00:00:10]} 15. O-O {[%clk 01:22:10]}
{[%emt 00:00:30]} Rac8 {[%clk 01:19:36]} {[%emt 00:02:00]} 16. Qh4 {[%clk
00:40:59]} {[%emt 00:41:41]} Rfe8 {[%clk 01:09:56]} {[%emt 00:10:09]} 17. Rfe1
{[%clk 00:36:05]} {[%emt 00:05:24]} Be7 {[%clk 00:59:34]} {[%emt 00:10:52]} 18.
Qh3 {[%clk 00:27:34]} {[%emt 00:09:02]} Qb7 {[%clk 00:50:46]} {[%emt 00:09:18]}
19. Ne5 {[%clk 00:24:46]} {[%emt 00:03:17]} Nxe5 {[%clk 00:46:15]} {[%emt
00:05:01]} 20. Rxe5 {[%clk 00:24:59]} {[%emt 00:00:17]} Bf6 {[%clk 00:46:39]}
{[%emt 00:00:06]} 21. Rb5 {[%clk 00:19:12]} {[%emt 00:06:16]} a6 {[%clk
00:33:39]} {[%emt 00:13:31]} 22. Rb3 {[%clk 00:18:32]} {[%emt 00:01:10]} Rc4
{[%clk 00:33:49]} {[%emt 00:00:20]} 23. Qd3 {[%clk 00:15:51]} {[%emt 00:03:11]}
Rec8 {[%clk 00:33:57]} {[%emt 00:00:21]} 24. a4 {[%clk 00:15:38]} {[%emt
00:00:44]} Qc6 {[%clk 00:33:16]} {[%emt 00:01:11]} 25. Rab1 {[%clk 00:14:00]}
{[%emt 00:02:09]} Bd8 {[%clk 00:32:45]} {[%emt 00:01:00]} 26. Rb4 {[%clk
00:11:56]} {[%emt 00:02:35]} Rxb4 {[%clk 00:32:21]} {[%emt 00:00:53]} 27. Rxb4
{[%clk 00:08:08]} {[%emt 00:04:17]} Be7 {[%clk 00:32:05]} {[%emt 00:00:47]} 28.
d5 {[%clk 00:05:33]} {[%emt 00:03:05]} exd5 {[%clk 00:23:35]} {[%emt 00:09:01]}
29. Rd4 {[%clk 00:03:23]} {[%emt 00:02:39]} Rd8 {[%clk 00:07:01]} {[%emt
00:17:04]} 30. Qxa6 {[%clk 00:03:22]} {[%emt 00:00:32]} Bc5 {[%clk 00:06:57]}
{[%emt 00:00:32]} 31. Rf4 {[%clk 00:03:18]} {[%emt 00:00:34]} Ra8 {[%clk
00:06:44]} {[%emt 00:00:44]} 32. Qe2 {[%clk 00:02:04]} {[%emt 00:01:42]} Rxa4
{[%clk 00:07:02]} {[%emt 00:00:14]} 33. Rxa4 {[%clk 00:02:16]} {[%emt
00:00:18]} Qxa4 {[%clk 00:07:26]} {[%emt 00:00:06]} 34. g3 {[%clk 00:02:21]}
{[%emt 00:00:25]} Qe4 {[%clk 00:01:51]} {[%emt 00:06:05]} 35. Qa6 {[%clk
00:02:06]} {[%emt 00:00:44]} h5 {[%clk 00:01:49]} {[%emt 00:00:33]} 36. h4
{[%clk 00:00:33]} {[%emt 00:02:03]} Qf3 {[%clk 00:01:53]} {[%emt 00:00:25]} 37.
Be1 {[%clk 00:00:33]} {[%emt 00:00:31]} Qxg3+ {[%clk 00:02:01]} {[%emt
00:00:22]} 38. Kf1 {[%clk 00:00:58]} {[%emt 00:00:04]} Qh3+ {[%clk 00:02:17]}
{[%emt 00:00:14]} 39. Kg1 {[%clk 00:00:59]} {[%emt 00:00:28]} Qg4+ {[%clk
00:02:16]} {[%emt 00:00:32]} 40. Kf1 {[%clk 00:31:05]} {[%emt 00:00:25]} Qc4+
{[%clk 00:32:06]} {[%emt 00:00:39]} 41. Qxc4 {[%clk 00:31:04]} {[%emt
00:00:32]} dxc4 {[%clk 00:32:31]} {[%emt 00:00:05]} 42. Ke2 {[%clk 00:30:38]}
{[%emt 00:00:55]} f6 {[%clk 00:32:06]} {[%emt 00:00:56]} 43. Kf3 {[%clk
00:28:43]} {[%emt 00:02:25]} 0-1

[Event "Finale kupa Republike Hrvatske 2024."]
[Site "Mali Losinj, Croatia"]
[Date "2024.05.08"]
[Round "1.3"]
[White "Rogic, Davor"]
[Black "Labrovic, Jakov"]
[Result "1-0"]
[TimeControl "(90 min/40 move + 30 min) + 30 sec/move"]
[WhiteFideId "14501228"]
[BlackFideId "14549786"]
[WhiteElo "2408"]
[BlackElo "1987"]

1. e4 {[%clk 01:30:10]} {[%emt 00:00:40]} e5 {[%clk 01:30:59]} 2. Nf3 {[%clk
01:30:32]} {[%emt 00:00:19]} Nc6 {[%clk 01:31:14]} {[%emt 00:00:15]} 3. Bb5
{[%clk 01:30:32]} {[%emt 00:00:30]} a6 {[%clk 01:31:02]} {[%emt 00:00:43]} 4.
Ba4 {[%clk 01:30:43]} {[%emt 00:00:18]} b5 {[%clk 01:31:01]} {[%emt 00:00:32]}
5. Bb3 {[%clk 01:31:02]} {[%emt 00:00:11]} Na5 {[%clk 01:31:04]} {[%emt
00:00:27]} 6. O-O {[%clk 01:27:28]} {[%emt 00:04:03]} d6 {[%clk 01:31:07]}
{[%emt 00:00:28]} 7. d4 {[%clk 01:17:17]} {[%emt 00:10:40]} exd4 {[%clk
01:31:17]} {[%emt 00:00:20]} 8. Nxd4 {[%clk 01:13:54]} {[%emt 00:03:52]} Bb7
{[%clk 01:31:18]} {[%emt 00:00:30]} 9. Bd2 {[%clk 01:12:36]} {[%emt 00:01:48]}
Nxb3 {[%clk 01:22:26]} {[%emt 00:09:22]} 10. Nxb3 {[%clk 01:12:47]} {[%emt
00:00:19]} Nf6 {[%clk 01:22:15]} {[%emt 00:00:41]} 11. Re1 {[%clk 01:05:11]}
{[%emt 00:08:06]} Be7 {[%clk 01:22:23]} {[%emt 00:00:22]} 12. Na5 {[%clk
01:05:00]} {[%emt 00:00:41]} Rb8 {[%clk 01:20:19]} {[%emt 00:02:35]} 13. Nxb7
{[%clk 01:01:16]} {[%emt 00:04:14]} Rxb7 {[%clk 01:20:40]} {[%emt 00:00:08]} 14.
Qf3 {[%clk 00:59:22]} {[%emt 00:02:24]} Ra7 {[%clk 01:16:25]} {[%emt 00:04:45]}
15. a4 {[%clk 00:56:22]} {[%emt 00:03:30]} bxa4 {[%clk 00:53:36]} {[%emt
00:23:19]} 16. Rxa4 {[%clk 00:56:07]} {[%emt 00:00:45]} O-O {[%clk 00:51:22]}
{[%emt 00:02:44]} 17. Nc3 {[%clk 00:54:31]} {[%emt 00:02:06]} Nd7 {[%clk
00:50:37]} {[%emt 00:01:15]} 18. Rea1 {[%clk 00:51:21]} {[%emt 00:03:40]} Bg5
{[%clk 00:44:49]} {[%emt 00:06:18]} 19. Be3 {[%clk 00:48:04]} {[%emt 00:03:46]}
Bxe3 {[%clk 00:28:43]} {[%emt 00:16:37]} 20. Qxe3 {[%clk 00:47:34]} {[%emt
00:00:59]} Rb7 {[%clk 00:29:04]} {[%emt 00:00:10]} 21. b3 {[%clk 00:44:02]}
{[%emt 00:04:02]} Nb8 {[%clk 00:23:29]} {[%emt 00:06:05]} 22. h3 {[%clk
00:39:09]} {[%emt 00:05:23]} Re8 {[%clk 00:21:35]} {[%emt 00:02:24]} 23. Qf3
{[%clk 00:37:09]} {[%emt 00:02:29]} Qc8 {[%clk 00:17:18]} {[%emt 00:04:47]} 24.
Nd5 {[%clk 00:35:11]} {[%emt 00:02:29]} Re5 {[%clk 00:11:36]} {[%emt 00:06:11]}
25. Qg3 {[%clk 00:30:03]} {[%emt 00:05:38]} Kh8 {[%clk 00:08:59]} {[%emt
00:03:08]} 26. Ne3 {[%clk 00:25:37]} {[%emt 00:04:56]} f6 {[%clk 00:06:48]}
{[%emt 00:02:41]} 27. Rc4 {[%clk 00:21:46]} {[%emt 00:04:20]} Rbb5 {[%clk
00:04:08]} {[%emt 00:03:11]} 28. Nd5 {[%clk 00:21:01]} {[%emt 00:01:15]} Rc5
{[%clk 00:01:57]} {[%emt 00:02:41]} 29. Rxc5 {[%clk 00:18:25]} {[%emt
00:03:06]} dxc5 {[%clk 00:02:26]} 30. Qd3 {[%clk 00:18:11]} {[%emt 00:00:44]}
h6 {[%clk 00:01:32]} {[%emt 00:01:24]} 31. Qc4 {[%clk 00:16:09]} {[%emt
00:02:32]} Qf8 {[%clk 00:00:38]} {[%emt 00:01:24]} 32. Nxc7 {[%clk 00:14:35]}
{[%emt 00:02:04]} f5 {[%clk 00:01:01]} {[%emt 00:00:06]} 33. Rd1 {[%clk
00:10:22]} {[%emt 00:04:43]} Rxe4 {[%clk 00:00:51]} {[%emt 00:00:40]} 34. Qd5
{[%clk 00:10:37]} {[%emt 00:00:16]} Kh7 {[%clk 00:01:01]} {[%emt 00:00:20]} 35.
Ne6 {[%clk 00:09:34]} {[%emt 00:01:33]} Qf6 {[%clk 00:01:13]} {[%emt 00:00:17]}
36. Nxc5 {[%clk 00:08:41]} {[%emt 00:01:25]} Re5 {[%clk 00:01:11]} {[%emt
00:00:31]} 37. Nd7 {[%clk 00:08:15]} {[%emt 00:00:56]} Nxd7 {[%clk 00:01:23]}
{[%emt 00:00:18]} 38. Qxd7 {[%clk 00:08:41]} {[%emt 00:00:04]} Re2 {[%clk
00:01:34]} {[%emt 00:00:19]} 39. Qd3 {[%clk 00:07:00]} {[%emt 00:02:10]} Re5
{[%clk 00:01:39]} {[%emt 00:00:23]} 40. c4 {[%clk 00:36:45]} {[%emt 00:00:47]}
h5 {[%clk 00:31:11]} {[%emt 00:00:58]} 41. Qc3 {[%clk 00:31:20]} {[%emt
00:05:55]} Qe7 {[%clk 00:29:37]} {[%emt 00:02:04]} 42. b4 {[%clk 00:29:37]}
{[%emt 00:02:13]} Qc7 {[%clk 00:28:16]} {[%emt 00:01:50]} 43. Rc1 {[%clk
00:27:40]} {[%emt 00:02:28]} Re6 {[%clk 00:23:47]} {[%emt 00:05:00]} 44. Qf3
{[%clk 00:26:33]} {[%emt 00:01:37]} g6 {[%clk 00:23:15]} {[%emt 00:01:01]} 45.
c5 {[%clk 00:26:36]} {[%emt 00:00:28]} Re4 {[%clk 00:23:10]} {[%emt 00:00:33]}
46. Qc3 {[%clk 00:25:52]} {[%emt 00:01:15]} Qc6 {[%clk 00:20:15]} {[%emt
00:03:25]} 47. Re1 {[%clk 00:23:26]} {[%emt 00:02:56]} Rxe1+ {[%clk 00:15:11]}
{[%emt 00:05:35]} 48. Qxe1 {[%clk 00:23:50]} {[%emt 00:00:05]} Qa4 {[%clk
00:11:24]} {[%emt 00:04:17]} 49. Qc1 {[%clk 00:21:54]} {[%emt 00:02:26]} Qc6
{[%clk 00:11:18]} {[%emt 00:00:36]} 50. Qf4 {[%clk 00:21:36]} {[%emt 00:00:48]}
Kg7 {[%clk 00:11:27]} {[%emt 00:00:22]} 51. Qb8 {[%clk 00:21:25]} {[%emt
00:00:40]} Kf7 {[%clk 00:07:55]} {[%emt 00:04:02]} 52. Qb6 {[%clk 00:20:38]}
{[%emt 00:01:17]} Qe4 {[%clk 00:08:11]} {[%emt 00:00:14]} 53. Qa7+ {[%clk
00:18:17]} {[%emt 00:02:51]} Kf8 {[%clk 00:05:27]} {[%emt 00:03:14]} 54. Qxa6
{[%clk 00:17:57]} {[%emt 00:00:51]} Qe1+ {[%clk 00:05:48]} {[%emt 00:00:08]} 55.
Kh2 {[%clk 00:17:36]} {[%emt 00:00:52]} Qxf2 {[%clk 00:02:56]} {[%emt
00:03:22]} 56. Qf6+ {[%clk 00:17:34]} {[%emt 00:00:32]} Kg8 {[%emt 00:00:41]}
57. Qxg6+ {[%emt 00:00:08]} Kf8 {[%clk 00:03:11]} {[%emt 00:00:02]} 58. Qg3
{[%clk 00:17:40]} {[%emt 00:00:47]} Qf1 {[%clk 00:02:24]} {[%emt 00:01:16]} 59.
Qd6+ {[%clk 00:17:14]} {[%emt 00:00:56]} Kf7 {[%clk 00:01:59]} {[%emt
00:00:56]} 60. c6 {[%clk 00:17:10]} {[%emt 00:00:34]} f4 {[%clk 00:02:14]}
{[%emt 00:00:15]} 61. c7 {[%emt 00:01:11]} Qf2 {[%emt 00:00:34]} 62. Qd3 {[%emt
00:00:26]} 1-0

[Event "Finale kupa Republike Hrvatske 2024."]
[Site "Mali Losinj, Croatia"]
[Date "2024.05.08"]
[Round "1.4"]
[White "Saratlija, Davor"]
[Black "Kurajica, Bojan"]
[Result "0-1"]
[TimeControl "(90 min/40 move + 30 min) + 30 sec/move"]
[WhiteFideId "14511517"]
[BlackFideId "14400057"]
[WhiteElo "1983"]
[BlackElo "2431"]

1. d4 {[%clk 01:30:44]} {[%emt 00:00:15]} Nf6 {[%clk 01:30:54]} {[%emt
00:00:07]} 2. c4 {[%clk 01:30:43]} {[%emt 00:00:31]} e6 {[%clk 01:31:16]}
{[%emt 00:00:07]} 3. Nc3 {[%clk 01:30:51]} {[%emt 00:00:22]} Bb4 {[%clk
01:31:38]} {[%emt 00:00:07]} 4. Nf3 {[%clk 01:30:31]} {[%emt 00:00:51]} b6
{[%clk 01:30:32]} {[%emt 00:01:36]} 5. g3 {[%clk 01:28:24]} {[%emt 00:02:38]}
Bxc3+ {[%clk 01:23:17]} {[%emt 00:07:44]} 6. bxc3 {[%clk 01:28:31]} {[%emt
00:00:23]} Ba6 {[%clk 01:23:26]} {[%emt 00:00:21]} 7. Qa4 {[%clk 01:25:14]}
{[%emt 00:03:48]} O-O {[%clk 01:21:19]} {[%emt 00:02:37]} 8. Bg2 {[%clk
01:24:39]} {[%emt 00:01:04]} Bb7 {[%clk 01:16:21]} {[%emt 00:05:27]} 9. O-O
{[%clk 01:23:43]} {[%emt 00:01:27]} d6 {[%clk 01:15:51]} {[%emt 00:01:01]} 10.
Re1 {[%clk 01:20:28]} {[%emt 00:03:44]} Bc6 {[%clk 01:04:33]} {[%emt 00:11:48]}
11. Qc2 {[%clk 01:19:40]} {[%emt 00:01:19]} Be4 {[%clk 01:04:53]} {[%emt
00:00:10]} 12. Qd1 {[%clk 01:19:18]} {[%emt 00:00:51]} Nc6 {[%clk 01:00:18]}
{[%emt 00:05:05]} 13. Ba3 {[%clk 01:13:26]} {[%emt 00:06:22]} Qc8 {[%clk
00:53:34]} {[%emt 00:07:14]} 14. Qa4 {[%clk 01:11:56]} {[%emt 00:02:00]} Qb7
{[%clk 00:48:45]} {[%emt 00:05:19]} 15. Nh4 {[%clk 01:03:22]} {[%emt 00:09:04]}
Na5 {[%clk 00:47:52]} {[%emt 00:01:22]} 16. Rab1 {[%clk 01:00:20]} {[%emt
00:03:33]} Qa6 {[%clk 00:44:03]} {[%emt 00:04:19]} 17. Rb4 {[%clk 00:54:54]}
{[%emt 00:05:56]} c5 {[%clk 00:38:26]} {[%emt 00:06:06]} 18. Rb5 {[%clk
00:53:04]} {[%emt 00:02:21]} Rfc8 {[%clk 00:37:21]} {[%emt 00:01:35]} 19. Rc1
{[%clk 00:45:59]} {[%emt 00:07:34]} Rc7 {[%clk 00:36:31]} {[%emt 00:01:21]} 20.
Bb4 {[%clk 00:35:25]} {[%emt 00:11:05]} g5 {[%clk 00:30:58]} {[%emt 00:06:02]}
21. Bxe4 {[%clk 00:33:17]} {[%emt 00:02:38]} Nxe4 {[%clk 00:31:20]} {[%emt
00:00:08]} 22. Nf3 {[%clk 00:33:15]} {[%emt 00:00:33]} g4 {[%clk 00:29:32]}
{[%emt 00:02:18]} 23. Ne1 {[%clk 00:33:12]} {[%emt 00:00:32]} cxb4 {[%clk
00:22:03]} {[%emt 00:07:59]} 24. cxb4 {[%clk 00:33:25]} {[%emt 00:00:18]} d5
{[%clk 00:22:02]} {[%emt 00:00:31]} 25. bxa5 {[%clk 00:31:55]} {[%emt
00:01:59]} Nd6 {[%clk 00:21:51]} {[%emt 00:00:41]} 26. Rb4 {[%clk 00:27:31]}
{[%emt 00:04:54]} Rxc4 {[%clk 00:15:39]} {[%emt 00:06:42]} 27. Rcxc4 {[%clk
00:25:58]} {[%emt 00:02:03]} Nxc4 {[%clk 00:16:04]} {[%emt 00:00:05]} 28. axb6
{[%clk 00:24:52]} {[%emt 00:01:35]} axb6 {[%clk 00:16:27]} {[%emt 00:00:08]} 29.
Qxa6 {[%clk 00:21:54]} {[%emt 00:03:28]} Rxa6 {[%clk 00:16:52]} {[%emt
00:00:05]} 30. a4 {[%clk 00:22:16]} {[%emt 00:00:08]} Nd6 {[%clk 00:12:37]}
{[%emt 00:04:45]} 31. Nd3 {[%clk 00:22:14]} {[%emt 00:00:32]} Ne4 {[%clk
00:13:01]} {[%emt 00:00:07]} 32. Ne5 {[%clk 00:21:35]} {[%emt 00:01:08]} Nc3
{[%clk 00:13:19]} {[%emt 00:00:12]} 33. e3 {[%clk 00:21:05]} {[%emt 00:01:00]}
h5 {[%clk 00:10:55]} {[%emt 00:02:54]} 34. Nd7 {[%clk 00:21:20]} {[%emt
00:00:15]} Rxa4 {[%clk 00:08:47]} {[%emt 00:02:38]} 35. Rxb6 {[%clk 00:20:55]}
{[%emt 00:00:55]} Ra1+ {[%clk 00:08:42]} {[%emt 00:00:35]} 36. Kg2 {[%clk
00:21:08]} {[%emt 00:00:17]} Ne4 {[%clk 00:08:13]} {[%emt 00:00:59]} 37. Rb2
{[%clk 00:20:33]} {[%emt 00:01:05]} Ng5 {[%clk 00:08:11]} {[%emt 00:00:32]} 38.
Ne5 {[%clk 00:20:03]} {[%emt 00:01:00]} Nh3 {[%clk 00:06:08]} {[%emt 00:02:33]}
39. Nf3 {[%clk 00:18:14]} {[%emt 00:02:19]} f6 {[%clk 00:05:14]} {[%emt
00:01:24]} 40. Rb8+ {[%clk 00:46:19]} {[%emt 00:02:25]} Kg7 {[%clk 00:34:05]}
{[%emt 00:01:39]} 41. Rb7+ {[%clk 00:46:20]} {[%emt 00:00:29]} Kf8 {[%clk
00:32:13]} {[%emt 00:02:21]} 42. Rb2 {[%clk 00:38:23]} {[%emt 00:08:27]} e5
{[%clk 00:31:06]} {[%emt 00:01:37]} 43. dxe5 {[%clk 00:32:19]} {[%emt
00:06:34]} fxe5 {[%clk 00:31:25]} {[%emt 00:00:11]} 44. Rb8+ {[%clk 00:32:31]}
{[%emt 00:00:19]} Ke7 {[%clk 00:31:31]} {[%emt 00:00:24]} 45. Rb7+ {[%clk
00:29:06]} {[%emt 00:03:56]} Kd6 {[%clk 00:31:09]} {[%emt 00:00:51]} 0-1